000 00684nam a2200229 a 4500
001 13934
003 BD-JhCC
005 20240516124649.0
008 190527b2011 bg ba||| ||a| 000 0 ben d
020 _a9847013800712
035 _a(BD-JhCC)13934
040 _aBD-JhCC
_dBD-JhCC
041 _abengali
082 _a891.443
_bKAM 2011
100 _aকামাল, মোহিত
245 _aচেনা বন্ধু অচেনা পথ /
_cমোহিত কামাল ।
260 _aঢাকা,
_bবিদ্যাপ্রকাশ;
_c২০১১.
300 _a255 p. ;
_bill ;
_c22 cm.
650 _aBengali Novel
942 _2ddc
_cBK
999 _c13934
_d13934